000 00717nam a2200289Ia 4500
005 20260324135110.0
008 008 260324s9999 xx 000 0 eng d
020 _a9781315185798
037 _aEBOOK
040 _aCRL
040 _beng
040 _cCRL
041 _2eng
041 _aeng
084 _qCRL
100 _aQi Luo
_9972781
245 0 _aChina's Industrial Reform and Open-door Policy 1980-1997: A Case Study from Xiamen
245 2 _bA Case Study from Xiamen
260 _bTaylor and Francis
260 _c2001
365 _a
365 _b115
856 _uhttp://www.taylorfrancis.com/books/9781315185798
942 _cEBOOK
999 _c1800061
_d1800061